000 00505nam a2200181Ia 4500
008 100917s9999 xx 000 0 und d
082 _b520
100 _aमाटे एकनाथ धोंडो
245 _aदामिनीची लालसा
260 _b---
_c1917
300 _a104
365 _b0
520 _aनाटक
630 _aदामिनीची लालसा
650 _aनाटक
730 _aदामिनीची लालसा
942 _cBOOK
999 _c605914
_d605911